000 00640nam a2200193Ia 4500
003 GCL
005 20240530102949.0
008 140319s9999 xx 000 0 ara d
040 _aGCL /
_cGCL
082 0 4 _a780.92
_bس ن
100 1 _aسعدالدين وهبة
245 1 0 _aالنهر الخالد محمد عبدالوهاب فى حوار مع سعد الدين وهبه /
_cسعدالدين وهبة
260 _a[S.N] :
_bدار سعاد الصباح ،
_c1992
300 _a304 ص
650 0 4 _aالموسيقى
650 0 4 _aالموسيقى الشرقية
650 0 4 _aالموسيقيون - تراجم
942 _2ddc
_cBK
999 _c35723
_d35723